000
00299nam a2200109Ia 4500
008
171211s9999 xx 000 0 und d
245
_a
Ninja: The Invisible Assassins
245
_c
Andrew Adams
260
_c
1970
650
_x
Martial Arts
856
_u
http://down.ebook777.com/064/9780897500302.pdf
999
_c
348176
_d
348176